000 00746nam a2200241Ia 4500
003 OSt
005 20220923220826.0
006 a|||||r|||| 00| 0
007 ta
008 220922b |||||||| |||| 00| 0 hin d
024 _a191,028
037 _cTextual
040 _aARTS
_cARTS
_bhin
041 _2hin
_ahin
082 _aR65,6xNRA, 152L8
100 _aरजनीश
245 0 _aगीता दर्शन अघ्यायत्मक 4 5
246 _aGītā darshan aghyāyatmak 4 5
260 _aपुना
_b रजनीश फाउन्डेशन प्रकाशन
_c1978
300 _a710पृ.
_ccm.
942 _hR65,6xNRA, 152L8
_cTEXL
_2CC
999 _c343749
_d343749